| 000 | 00508nam a2200169 i 4500 | ||
|---|---|---|---|
| 001 | 85474 | ||
| 003 | ES-MaACL | ||
| 005 | 20230906175241.0 | ||
| 007 | t| | ||
| 008 | 041128s1966 sp ||||1| spa d | ||
| 100 | 1 |
_aJurado Prieto, Ruperto. _967328 |
|
| 245 | 1 | 0 |
_aVilla de Belmonte (Cuenca) _b: segunda adición / _cpor Ruperto Jurado Prieto. |
| 260 |
_a[S.l. : _bs.n., _c1966] |
||
| 300 |
_a180 p. : _bil. ; _c22 cm. |
||
| 651 | 4 |
_aBelmonte- _xDescripción. _9157643 |
|
| 852 |
_aES-MaACL _jC-30475 _bR.60889 |
||
| 999 |
_c85474 _d85474 |
||